LIBRARY ONLINE CATALOGUE

The Confident Teacher: (Record no. 19459)

MARC details
000 -LEADER
fixed length control field 00510nam a22001697a 4500
008 - FIXED-LENGTH DATA ELEMENTS--GENERAL INFORMATION
fixed length control field 220822b |||||||| |||| 00| 0 eng d
020 ## - INTERNATIONAL STANDARD BOOK NUMBER
International Standard Book Number 1138832336
050 ## - LIBRARY OF CONGRESS CALL NUMBER
Classification number LB2840
Item number .Q54 2016 c.1
100 ## - MAIN ENTRY--PERSONAL NAME
Personal name Quigley, Alex
245 ## - TITLE STATEMENT
Title The Confident Teacher:
Remainder of title Developing successful habits of mind, body and pedagogy/
Statement of responsibility, etc. Alex Quigley
260 ## - PUBLICATION, DISTRIBUTION, ETC. (IMPRINT)
Place of publication, distribution, etc. London
Name of publisher, distributor, etc. Routledge
Date of publication, distribution, etc. 2016
300 ## - PHYSICAL DESCRIPTION
Extent x, 291p.
650 ## - SUBJECT ADDED ENTRY--TOPICAL TERM
Topical term or geographic name as entry element Teachers
Form subdivision psychology
650 ## - SUBJECT ADDED ENTRY--TOPICAL TERM
Topical term or geographic name as entry element Effective teaching
650 ## - SUBJECT ADDED ENTRY--TOPICAL TERM
Topical term or geographic name as entry element Self-confidence
942 ## - ADDED ENTRY ELEMENTS (KOHA)
Source of classification or shelving scheme Library of Congress Classification
Koha item type General Collection
Holdings
Withdrawn status Lost status Source of classification or shelving scheme Not for loan Home library Current library Date acquired Cost, normal purchase price Total Checkouts Full call number Barcode Date last seen Price effective from Koha item type
    Library of Congress Classification   Kabarak, Main Campus Kabarak, Main Campus 22/08/2022 12225.00   LB2840 .Q54 2016 c.1 032497 19/09/2022 22/08/2022 General Collection